[Event "Northumbria Masters Open"]
[Site "Newcastle"]
[Date "2021.08.29"]
[Round "6.12"]
[White "Eggleston, Thomas A"]
[Black "De Coverly, Roger D"]
[Result "1-0"]
[WhiteElo "2178"]
[BlackElo "1954"]
[PlyCount "45"]
[EventDate "2021.08.26"]
[EventType "swiss"]
[EventRounds "9"]
[EventCountry "ENG"]
[SourceTitle "The Week in Chess 1399"]
[Source "Mark Crowther"]
[SourceDate "2021.08.30"]
[SourceVersion "1"]
[SourceVersionDate "2021.08.30"]
[SourceQuality "2"]

1. e4 e5 2. Nf3 Nc6 3. d4 exd4 4. Nxd4 Nf6 5. Nc3 d6 6. Nxc6 bxc6 7. Bc4 Be7 8.
O-O O-O 9. h3 Bb7 10. Bb3 Nd7 11. Be3 Bf6 12. Re1 Re8 13. Bd4 Bxd4 14. Qxd4 Qf6
15. Qd2 Re7 16. Re3 Qh6 17. Ne2 g6 18. Ng3 Kh8 19. Qa5 Nc5 20. Rae1 Qg7 21. e5
Nxb3 22. axb3 d5 23. Qb4 1-0

[Event "Northumbria Masters Open"]
[Site "Newcastle"]
[Date "2021.08.29"]
[Round "6.13"]
[White "Verma, Aditya"]
[Black "Murphy, Ryan"]
[Result "0-1"]
[WhiteElo "2170"]
[BlackElo "1977"]
[PlyCount "52"]
[EventDate "2021.08.26"]
[EventType "swiss"]
[EventRounds "9"]
[EventCountry "ENG"]
[SourceTitle "The Week in Chess 1399"]
[Source "Mark Crowther"]
[SourceDate "2021.08.30"]
[SourceVersion "1"]
[SourceVersionDate "2021.08.30"]
[SourceQuality "2"]

1. e4 c6 2. d4 d5 3. e5 c5 4. dxc5 e6 5. a3 Bxc5 6. b4 Be7 7. Bb2 Nd7 8. Nf3 a5
9. b5 Nh6 10. a4 O-O 11. Bd3 f6 12. O-O Nf7 13. exf6 Bxf6 14. Bxf6 Qxf6 15. Na3
Nc5 16. c4 e5 17. Be2 d4 18. Ne1 e4 19. Bg4 Bxg4 20. Qxg4 Ne5 21. Qe2 Rae8 22.
Rd1 b6 23. Nb1 d3 24. Qe3 Ng4 25. Qg3 e3 26. Qxg4 e2 0-1

[Event "Northumbria Masters Open"]
[Site "Newcastle"]
[Date "2021.08.29"]
[Round "6.14"]
[White "Guthrie, David"]
[Black "Siddharth, Gopakumar"]
[Result "1-0"]
[WhiteElo "2165"]
[BlackElo "1856"]
[PlyCount "53"]
[EventDate "2021.08.26"]
[EventType "swiss"]
[EventRounds "9"]
[EventCountry "ENG"]
[SourceTitle "The Week in Chess 1399"]
[Source "Mark Crowther"]
[SourceDate "2021.08.30"]
[SourceVersion "1"]
[SourceVersionDate "2021.08.30"]
[SourceQuality "2"]

1. d4 d5 2. c4 c6 3. Nc3 Nf6 4. e3 g6 5. Nf3 Bg7 6. Be2 O-O 7. O-O dxc4 8. Bxc4
Bg4 9. Be2 Nbd7 10. e4 Bxf3 11. Bxf3 e5 12. d5 cxd5 13. exd5 Nc5 14. Bg5 Qb6
15. Qd2 a6 16. Rfd1 Qd6 17. Rac1 Rfe8 18. h3 Rac8 19. Bxf6 Bxf6 20. Bg4 Rcd8
21. b4 Nd7 22. Ne4 Qb6 23. Bxd7 Rxd7 24. Rc6 Qxc6 25. dxc6 Rxd2 26. Nxf6+ Kf8
27. Rxd2 1-0

[Event "Northumbria Masters Open"]
[Site "Newcastle"]
[Date "2021.08.29"]
[Round "6.17"]
[White "Thomson, Neil"]
[Black "Kett, Timothy"]
[Result "0-1"]
[WhiteElo "1960"]
[BlackElo "2167"]
[PlyCount "100"]
[EventDate "2021.08.26"]
[EventType "swiss"]
[EventRounds "9"]
[EventCountry "ENG"]
[SourceTitle "The Week in Chess 1399"]
[Source "Mark Crowther"]
[SourceDate "2021.08.30"]
[SourceVersion "1"]
[SourceVersionDate "2021.08.30"]
[SourceQuality "2"]

1. e4 e5 2. Nf3 Nc6 3. Bb5 a6 4. Ba4 Nf6 5. O-O Be7 6. c3 Nxe4 7. Re1 b5 8.
Rxe4 bxa4 9. Nxe5 Nxe5 10. Rxe5 O-O 11. d4 Bd6 12. Re3 Bb7 13. Nd2 Bf4 14. Rh3
Re8 15. Nf3 Qf6 16. Bxf4 Qxf4 17. Qd3 h6 18. Ne5 d6 19. Nc4 Re6 20. d5 Qe4 21.
Qxe4 Rxe4 22. Ne3 Rb8 23. Rf3 c6 24. b3 axb3 25. axb3 cxd5 26. Nf5 Rbe8 27. h3
Re1+ 28. Rxe1 Rxe1+ 29. Kh2 d4 30. Rg3 dxc3 31. Rxc3 Rd1 32. Rg3 g6 33. Nxh6+
Kf8 34. Rc3 Bd5 35. Ng4 Rb1 36. Rd3 Bxb3 37. Rxd6 a5 38. Ra6 a4 39. Ne5 Ra1 40.
Nd7+ Kg7 41. Nc5 Bc2 42. Kg3 a3 43. Kf3 Bf5 44. Nb3 Ra2 45. Nd4 Bd3 46. Ra7 Bc4
47. Ra4 Bd5+ 48. Kg3 Rd2 49. Nb5 Bc6 50. Rb4 a2 0-1

[Event "Northumbria Masters Open"]
[Site "Newcastle"]
[Date "2021.08.29"]
[Round "6.18"]
[White "Izod, Chris"]
[Black "Green, Andrew D"]
[Result "0-1"]
[WhiteElo "1924"]
[BlackElo "2154"]
[PlyCount "160"]
[EventDate "2021.08.26"]
[EventType "swiss"]
[EventRounds "9"]
[EventCountry "ENG"]
[SourceTitle "The Week in Chess 1399"]
[Source "Mark Crowther"]
[SourceDate "2021.08.30"]
[SourceVersion "1"]
[SourceVersionDate "2021.08.30"]
[SourceQuality "2"]

1. d4 Nf6 2. c4 g6 3. Nf3 Bg7 4. Nc3 O-O 5. g3 d6 6. Bg2 c6 7. O-O Bf5 8. Nh4
Be6 9. d5 cxd5 10. cxd5 Bd7 11. Bg5 Qb6 12. Qd2 Rc8 13. h3 Na6 14. Rac1 Be8 15.
Be3 Qa5 16. Bd4 b5 17. a3 Qd8 18. b4 Nc7 19. e4 Nd7 20. Bxg7 Kxg7 21. f4 f6 22.
Qd3 a5 23. Nf3 axb4 24. axb4 Na6 25. Rb1 Qb6+ 26. Kh2 Rc4 27. Nxb5 Qxb5 28. Nd4
Nxb4 29. Qe2 Qa6 30. Ne6+ Kg8 31. Ra1 Na2 32. Rf2 Ra4 33. Qxa6 R8xa6 34. Nc7
Nc3 35. Rc1 Na2 36. Ra1 Ra7 37. Nxe8 Nc3 38. Rxa4 Nxa4 39. Ra2 Ndc5 40. e5 Kf8
41. Nxd6 exd6 42. exd6 Rd7 43. Bf1 Rxd6 44. Bb5 Nb6 45. Bc6 Nxd5 46. Ra8+ Kg7
47. Ra7+ Kh6 48. Bxd5 Rxd5 49. g4 Rd7 50. Ra5 Ne4 51. h4 Rd2+ 52. Kh3 Rd3+ 53.
Kh2 Rd7 54. g5+ Kg7 55. gxf6+ Kxf6 56. h5 Rd3 57. Ra7 h6 58. hxg6 Kxg6 59. Ra6+
Nd6 60. Ra5 Nf5 61. Ra8 Kh5 62. Rg8 Kh4 63. Rg6 Rd4 64. Rf6 Rxf4 65. Ra6 h5 66.
Ra8 Ne3 67. Ra3 Nf5 68. Rh3+ Kg4 69. Ra3 Rf2+ 70. Kg1 Rd2 71. Rb3 h4 72. Rb4+
Nd4 73. Ra4 h3 74. Ra8 Nf3+ 75. Kf1 Rb2 76. Rg8+ Ng5 77. Kg1 Kh4 78. Kh1 Rb5
79. Ra8 Rb1+ 80. Kh2 Nf3# 0-1

[Event "Northumbria Masters Open"]
[Site "Newcastle"]
[Date "2021.08.29"]
[Round "6.19"]
[White "Smith, Andrew Philip"]
[Black "Rathbone-Jones, Ifan"]
[Result "1-0"]
[WhiteElo "2144"]
[BlackElo "1941"]
[PlyCount "119"]
[EventDate "2021.08.26"]
[EventType "swiss"]
[EventRounds "9"]
[EventCountry "ENG"]
[SourceTitle "The Week in Chess 1399"]
[Source "Mark Crowther"]
[SourceDate "2021.08.30"]
[SourceVersion "1"]
[SourceVersionDate "2021.08.30"]
[SourceQuality "2"]

1. e4 d6 2. d4 Nf6 3. Bd3 g6 4. Nf3 Bg7 5. O-O O-O 6. h3 a6 7. a4 Nc6 8. c3 e5
9. Re1 Nd7 10. Bf1 h6 11. Na3 f5 12. exf5 gxf5 13. dxe5 dxe5 14. Nc4 Kh8 15. b4
e4 16. Nd4 Nxd4 17. cxd4 c5 18. bxc5 Nxc5 19. Ra3 Nxa4 20. Qh5 Qf6 21. Ne5 b5
22. Ng6+ Kh7 23. Nxf8+ Qxf8 24. Bf4 Qxa3 25. Rc1 Nc3 26. Qf7 Qa2 27. Qc7 Nd5
28. Qf7 Nc3 29. Qc7 Nd5 30. Qf7 Nb4 31. Bc4 Be6 32. Bxe6 Rf8 33. Bxa2 Rxf7 34.
Bxf7 Nd3 35. Be3 Nxc1 36. Bxc1 Bxd4 37. Bd2 Bb6 38. Be8 Kg7 39. Kf1 Bc5 40.
Bc3+ Kf8 41. Bg6 b4 42. Be5 e3 43. fxe3 Bxe3 44. Bxf5 a5 45. Bc2 Ke7 46. Bc7
Bd2 47. Bxa5 Kd6 48. Ke2 Bc3 49. Bb3 Ke5 50. Kd3 Kf4 51. Bc7+ Kf5 52. Kc4 h5
53. Bd1 Kg5 54. Bd6 Kh4 55. Bxb4 Be5 56. Kd5 Bb8 57. Bf3 Ba7 58. Ke4 Bb8 59.
Kf5 Bd6 60. Be1+ 1-0

[Event "Northumbria Masters Open"]
[Site "Newcastle"]
[Date "2021.08.29"]
[Round "6.20"]
[White "Jukes, Sam"]
[Black "Willmoth, Robert F"]
[Result "0-1"]
[WhiteElo "1846"]
[BlackElo "2116"]
[PlyCount "70"]
[EventDate "2021.08.26"]
[EventType "swiss"]
[EventRounds "9"]
[EventCountry "ENG"]
[SourceTitle "The Week in Chess 1399"]
[Source "Mark Crowther"]
[SourceDate "2021.08.30"]
[SourceVersion "1"]
[SourceVersionDate "2021.08.30"]
[SourceQuality "2"]

1. e4 d6 2. d4 Nf6 3. Nc3 c6 4. f4 Qa5 5. Bd3 e5 6. Nf3 Nbd7 7. O-O exd4 8.
Nxd4 Qb6 9. Bc4 Be7 10. Kh1 g6 11. Be3 Qc7 12. Nf3 b5 13. Bd3 O-O 14. Qd2 Bb7
15. f5 b4 16. Ne2 c5 17. Bh6 c4 18. Bxf8 Bxf8 19. Ng3 cxd3 20. cxd3 a5 21. Rac1
Qb6 22. fxg6 hxg6 23. Qg5 Bg7 24. h4 a4 25. h5 Ra5 26. e5 Nxe5 27. Nxe5 Rxe5
28. Nf5 Nxh5 29. Ne7+ Rxe7 30. Qxe7 Ng3+ 31. Kh2 Nxf1+ 32. Rxf1 Be5+ 33. Kh1
Bd5 34. Rc1 Qf2 35. Qg5 Kg7 0-1

[Event "Northumbria Masters Open"]
[Site "Newcastle"]
[Date "2021.08.29"]
[Round "6.21"]
[White "Yoon, Jacob D"]
[Black "Gillespie, David Paul"]
[Result "1-0"]
[WhiteElo "2116"]
[BlackElo "1862"]
[PlyCount "51"]
[EventDate "2021.08.26"]
[EventType "swiss"]
[EventRounds "9"]
[EventCountry "ENG"]
[SourceTitle "The Week in Chess 1399"]
[Source "Mark Crowther"]
[SourceDate "2021.08.30"]
[SourceVersion "1"]
[SourceVersionDate "2021.08.30"]
[SourceQuality "2"]

1. e4 c6 2. Nc3 d5 3. Nf3 dxe4 4. Nxe4 Bf5 5. Ng3 Bg6 6. h4 h6 7. Ne5 Bh7 8.
Qh5 g6 9. Bc4 e6 10. Qe2 Qe7 11. d4 Nf6 12. Bd2 Nbd7 13. O-O-O Bg7 14. Bd3 Rc8
15. Kb1 a6 16. c3 c5 17. Ne4 cxd4 18. cxd4 Nxe4 19. Bxe4 Nxe5 20. dxe5 Bxe5 21.
Bxh6 Qb4 22. Bc6+ Rxc6 23. Qxe5 g5+ 24. Ka1 Rg8 25. Bxg5 Rc8 26. Qf6 1-0

[Event "Northumbria Masters Open"]
[Site "Newcastle"]
[Date "2021.08.29"]
[Round "6.22"]
[White "Hosdurga, Chirag"]
[Black "Milson, Samuel A"]
[Result "1-0"]
[WhiteElo "1838"]
[BlackElo "2106"]
[PlyCount "103"]
[EventDate "2021.08.26"]
[EventType "swiss"]
[EventRounds "9"]
[EventCountry "ENG"]
[SourceTitle "The Week in Chess 1399"]
[Source "Mark Crowther"]
[SourceDate "2021.08.30"]
[SourceVersion "1"]
[SourceVersionDate "2021.08.30"]
[SourceQuality "2"]

1. d4 d5 2. c4 c6 3. Nc3 Nf6 4. Nf3 a6 5. e3 Bf5 6. cxd5 cxd5 7. Qb3 Nc6 8.
Qxb7 Na5 9. Qb4 Bd7 10. Nb1 e5 11. Qd2 Ne4 12. Qd1 Bb4+ 13. Bd2 Nxd2 14. Nbxd2
e4 15. Ne5 Bb5 16. Bxb5+ axb5 17. O-O Bxd2 18. Qxd2 f6 19. b4 Nb7 20. Nc6 Qd7
21. Na5 Nd6 22. Rfc1 O-O 23. Rc5 Nc4 24. Nxc4 dxc4 25. Qc2 f5 26. a4 Ra6 27. g3
Rfa8 28. a5 Rd6 29. Qe2 Raa6 30. Qh5 g6 31. Qg5 Kg7 32. Qf4 Ra8 33. Ra3 Kf7 34.
g4 Kf6 35. h4 Kg7 36. g5 Kf7 37. h5 Kg8 38. h6 Ra7 39. Qe5 Qd8 40. Kf1 Re7 41.
Rc8 Rxe5 42. Rxd8+ Rxd8 43. dxe5 Kf7 44. a6 Ra8 45. Ra5 Ke6 46. Ke2 c3 47. Kd1
Kd5 48. Rxb5+ Kc4 49. Rb6 Kb3 50. Kc1 Rd8 51. Rd6 Rc8 52. b5 1-0

[Event "Northumbria Masters Open"]
[Site "Newcastle"]
[Date "2021.08.29"]
[Round "7.1"]
[White "Clarke, Brandon G I"]
[Black "Turner, Max N"]
[Result "1-0"]
[WhiteElo "2429"]
[BlackElo "2182"]
[PlyCount "77"]
[EventDate "2021.08.26"]
[EventType "swiss"]
[EventRounds "9"]
[EventCountry "ENG"]
[SourceTitle "The Week in Chess 1399"]
[Source "Mark Crowther"]
[SourceDate "2021.08.30"]
[SourceVersion "1"]
[SourceVersionDate "2021.08.30"]
[SourceQuality "2"]

1. e4 c5 2. Nf3 d6 3. d4 cxd4 4. Nxd4 Nf6 5. Nc3 a6 6. Be3 e6 7. f3 Be7 8. Qd2
h5 9. Be2 Nbd7 10. O-O Qc7 11. a4 Ne5 12. a5 Bd7 13. Rfd1 Rc8 14. Bg5 Nc4 15.
Bxc4 Qxc4 16. Nde2 Qc7 17. Kh1 Bc6 18. Qe1 h4 19. h3 Rh5 20. Bxh4 g5 21. Bg3 g4
22. fxg4 Nxg4 23. Nf4 Rh8 24. Qe2 Ne5 25. Rf1 Kd7 26. Nd3 Rcf8 27. b4 f5 28. b5
axb5 29. Nxb5 Qb8 30. Nxe5+ dxe5 31. Rad1+ Ke8 32. Qc4 Rhg8 33. a6 Bxb5 34.
Qxb5+ Kf7 35. Bxe5 Qc8 36. exf5 bxa6 37. fxe6+ Kg6 38. Qd3+ Kh6 39. Rf7 1-0

[Event "Northumbria Masters Open"]
[Site "Newcastle"]
[Date "2021.08.29"]
[Round "7.2"]
[White "Mosnegutu, Klauss"]
[Black "Gormally, Daniel W"]
[Result "0-1"]
[WhiteElo "2235"]
[BlackElo "2479"]
[PlyCount "102"]
[EventDate "2021.08.26"]
[EventType "swiss"]
[EventRounds "9"]
[EventCountry "ENG"]
[SourceTitle "The Week in Chess 1399"]
[Source "Mark Crowther"]
[SourceDate "2021.08.30"]
[SourceVersion "1"]
[SourceVersionDate "2021.08.30"]
[SourceQuality "2"]

1. d4 Nf6 2. c4 e6 3. Nc3 Bb4 4. e3 O-O 5. Bd3 d5 6. cxd5 exd5 7. Nge2 c5 8.
dxc5 Bxc5 9. O-O Nc6 10. Ng3 d4 11. Nce4 Nxe4 12. Bxe4 g6 13. Qc2 Qb6 14. Bxc6
Qxc6 15. exd4 Bxd4 16. Qxc6 bxc6 17. Rb1 Ba6 18. Rd1 Rfd8 19. Be3 Bxb2 20.
Rxd8+ Rxd8 21. Bxa7 Be5 22. a4 Rd2 23. Be3 Ra2 24. Rc1 Bb2 25. Rd1 Rxa4 26.
Rd8+ Kg7 27. h3 h5 28. h4 Bf6 29. Re8 Bd3 30. Bc5 Bxh4 31. Bf8+ Kh7 32. Rc8 Bg5
33. Bd6 h4 34. Nh1 Be4 35. Be5 f6 36. Rc7+ Kg8 37. Bd6 Rd4 38. Rc8+ Kf7 39. Bb8
Bd5 40. Kh2 Bc1 41. Rc7+ Ke6 42. Rb7 Rd1 43. Rb6 h3 44. f3 Be3 45. Rb2 hxg2 46.
Kxg2 Rg1+ 47. Kh2 Bxf3 48. Ng3 Re1 49. Kh3 f5 50. Rb4 g5 51. Rb1 Rxb1 0-1

[Event "Northumbria Masters Open"]
[Site "Newcastle"]
[Date "2021.08.29"]
[Round "7.3"]
[White "Sowray, Peter John"]
[Black "Petrov, Marian"]
[Result "0-1"]
[WhiteElo "2196"]
[BlackElo "2457"]
[PlyCount "74"]
[EventDate "2021.08.26"]
[EventType "swiss"]
[EventRounds "9"]
[EventCountry "ENG"]
[SourceTitle "The Week in Chess 1399"]
[Source "Mark Crowther"]
[SourceDate "2021.08.30"]
[SourceVersion "1"]
[SourceVersionDate "2021.08.30"]
[SourceQuality "2"]

1. c4 d6 2. d4 e5 3. d5 g6 4. e4 Bg7 5. Nc3 a5 6. Nf3 Na6 7. Be2 Nf6 8. g3 O-O
9. Nh4 Nd7 10. O-O Ndc5 11. Be3 Bd7 12. Qd2 Qe7 13. Rab1 Rae8 14. f3 f5 15. Ng2
Rf7 16. b3 Ref8 17. a3 fxe4 18. fxe4 Rxf1+ 19. Bxf1 a4 20. bxa4 b6 21. a5 bxa5
22. Bd3 Nxd3 23. Qxd3 Nc5 24. Qc2 a4 25. Bxc5 dxc5 26. Rf1 Rxf1+ 27. Kxf1 Qf6+
28. Kg1 Bh6 29. Qd3 Qb6 30. Ne1 Qb3 31. Nf3 Qxa3 32. Nxe5 Bg7 33. Nd1 Qxd3 34.
Nxd3 a3 35. Nc1 Ba4 36. Nf2 Bb2 37. Nfd3 Bc2 0-1

[Event "Northumbria Masters Open"]
[Site "Newcastle"]
[Date "2021.08.29"]
[Round "7.4"]
[White "Dong Bao Nghia"]
[Black "Wells, Peter K"]
[Result "0-1"]
[WhiteElo "2227"]
[BlackElo "2381"]
[PlyCount "60"]
[EventDate "2021.08.26"]
[EventType "swiss"]
[EventRounds "9"]
[EventCountry "ENG"]
[SourceTitle "The Week in Chess 1399"]
[Source "Mark Crowther"]
[SourceDate "2021.08.30"]
[SourceVersion "1"]
[SourceVersionDate "2021.08.30"]
[SourceQuality "2"]

1. d4 Nf6 2. c4 e6 3. Nc3 Bb4 4. Qb3 c5 5. e3 b6 6. Bd3 Bb7 7. f3 O-O 8. Nge2
d5 9. dxc5 Na6 10. Bb1 dxc4 11. Qxc4 Bxc3+ 12. Nxc3 Nxc5 13. b4 Na4 14. Nxa4
Rc8 15. Nc5 bxc5 16. b5 Nd5 17. a4 Qf6 18. Ra3 Rfd8 19. a5 Nb4 20. O-O Bd5 21.
Qg4 Rb8 22. e4 Qd4+ 23. Be3 Qb2 24. exd5 Qxa3 25. Bxc5 Rxd5 26. Qe4 Rxc5 27.
Qxh7+ Kf8 28. Qh8+ Ke7 29. Qxb8 Qe3+ 30. Kh1 Rc1 0-1

[Event "Northumbria Masters Open"]
[Site "Newcastle"]
[Date "2021.08.29"]
[Round "7.5"]
[White "Olson, Hamish"]
[Black "Boswell, Jacob Connor"]
[Result "1-0"]
[WhiteElo "2246"]
[BlackElo "2012"]
[PlyCount "57"]
[EventDate "2021.08.26"]
[EventType "swiss"]
[EventRounds "9"]
[EventCountry "ENG"]
[SourceTitle "The Week in Chess 1399"]
[Source "Mark Crowther"]
[SourceDate "2021.08.30"]
[SourceVersion "1"]
[SourceVersionDate "2021.08.30"]
[SourceQuality "2"]

1. Nf3 d5 2. g3 g6 3. Bg2 Bg7 4. O-O Nf6 5. d4 O-O 6. c4 c6 7. Qb3 a5 8. cxd5
cxd5 9. Nc3 Ne4 10. Bf4 Nc6 11. Rfd1 Nxc3 12. Qxc3 Bg4 13. Ne5 Bxe2 14. Nxc6
bxc6 15. Rd2 Bb5 16. a4 Ba6 17. Qxc6 Bc4 18. Rb1 Ra6 19. Qc5 Qd7 20. b3 Rc8 21.
bxc4 Rxc5 22. dxc5 Rc6 23. Bxd5 Qf5 24. Be4 Qxe4 25. Rb8+ Bf8 26. Bh6 Qb1+ 27.
Rxb1 Bxh6 28. Rc2 Rxc5 29. Rb5 1-0

[Event "Northumbria Masters Open"]
[Site "Newcastle"]
[Date "2021.08.29"]
[Round "7.6"]
[White "Bezuidenhout, Roland"]
[Black "Merriman, John"]
[Result "0-1"]
[WhiteElo "2196"]
[BlackElo "2245"]
[PlyCount "64"]
[EventDate "2021.08.26"]
[EventType "swiss"]
[EventRounds "9"]
[EventCountry "ENG"]
[SourceTitle "The Week in Chess 1399"]
[Source "Mark Crowther"]
[SourceDate "2021.08.30"]
[SourceVersion "1"]
[SourceVersionDate "2021.08.30"]
[SourceQuality "2"]

1. e4 e6 2. d4 d5 3. Nc3 Nf6 4. Bg5 Bb4 5. e5 h6 6. Bd2 Bxc3 7. bxc3 Ne4 8. Bc1
c5 9. Ne2 Qa5 10. Bd2 Nc6 11. f3 Nxd2 12. Qxd2 O-O 13. f4 b6 14. dxc5 bxc5 15.
Ng3 Ba6 16. Bxa6 Qxa6 17. Qe2 Qa5 18. Qf3 Rab8 19. O-O Rb2 20. Nh5 Ne7 21. f5
exf5 22. Qg3 g6 23. Nf6+ Kg7 24. Nh5+ Kh8 25. Qh4 Ng8 26. Nf6 Qxc3 27. Rae1
Qxc2 28. Qh3 Nxf6 29. exf6 Kh7 30. Rf4 Qd2 31. Ref1 Re8 32. a4 Re2 0-1

[Event "Northumbria Masters Open"]
[Site "Newcastle"]
[Date "2021.08.29"]
[Round "7.7"]
[White "Murphy, Ryan"]
[Black "Arkell, Keith C"]
[Result "0-1"]
[WhiteElo "1977"]
[BlackElo "2382"]
[PlyCount "60"]
[EventDate "2021.08.26"]
[EventType "swiss"]
[EventRounds "9"]
[EventCountry "ENG"]
[SourceTitle "The Week in Chess 1399"]
[Source "Mark Crowther"]
[SourceDate "2021.08.30"]
[SourceVersion "1"]
[SourceVersionDate "2021.08.30"]
[SourceQuality "2"]

1. e4 c6 2. Nf3 d5 3. d3 Bg4 4. h3 Bxf3 5. Qxf3 e6 6. g3 Nf6 7. Bg2 Nbd7 8. O-O
Bc5 9. Qe2 dxe4 10. dxe4 e5 11. a4 a5 12. Nd2 O-O 13. Nc4 Qc7 14. Rd1 Rfd8 15.
Bg5 h6 16. Be3 Bxe3 17. Nxe3 Nc5 18. Qc4 Qb6 19. b3 g6 20. Rxd8+ Rxd8 21. Rd1
Rxd1+ 22. Nxd1 Ne6 23. Ne3 Nd4 24. Kh2 h5 25. Qc3 Nd7 26. h4 Kg7 27. Nc4 Qb4
28. Qxb4 axb4 29. Ne3 Nc5 30. Kg1 f5 0-1

[Event "Northumbria Masters Open"]
[Site "Newcastle"]
[Date "2021.08.29"]
[Round "7.8"]
[White "Bradbury, Neil H"]
[Black "Guthrie, David"]
[Result "1-0"]
[WhiteElo "2297"]
[BlackElo "2165"]
[PlyCount "67"]
[EventDate "2021.08.26"]
[EventType "swiss"]
[EventRounds "9"]
[EventCountry "ENG"]
[SourceTitle "The Week in Chess 1399"]
[Source "Mark Crowther"]
[SourceDate "2021.08.30"]
[SourceVersion "1"]
[SourceVersionDate "2021.08.30"]
[SourceQuality "2"]

1. d4 d5 2. c4 c6 3. Nf3 Nf6 4. g3 Bf5 5. Nbd2 e6 6. Bg2 h6 7. O-O Be7 8. b3
O-O 9. Bb2 Ne4 10. Ne1 Nd7 11. Nd3 Qa5 12. Nxe4 dxe4 13. Ne1 Rfd8 14. Nc2 Nf6
15. Qc1 c5 16. e3 b5 17. dxc5 Bxc5 18. a3 Be7 19. b4 Qa4 20. c5 Rd3 21. Nd4 Rc8
22. Rd1 a5 23. Rxd3 exd3 24. Nxf5 exf5 25. Qc3 Rd8 26. Bf3 axb4 27. axb4 Qc2
28. Qxc2 dxc2 29. Rc1 Rd2 30. Bc3 Rd3 31. Rxc2 Ne4 32. Be1 Bd8 33. Be2 Rb3 34.
Rc1 1-0

[Event "Northumbria Masters Open"]
[Site "Newcastle"]
[Date "2021.08.29"]
[Round "7.9"]
[White "Sedykh, Mikhail"]
[Black "Eggleston, Thomas A"]
[Result "1-0"]
[WhiteElo "2124"]
[BlackElo "2178"]
[PlyCount "113"]
[EventDate "2021.08.26"]
[EventType "swiss"]
[EventRounds "9"]
[EventCountry "ENG"]
[SourceTitle "The Week in Chess 1399"]
[Source "Mark Crowther"]
[SourceDate "2021.08.30"]
[SourceVersion "1"]
[SourceVersionDate "2021.08.30"]
[SourceQuality "2"]

1. d4 e6 2. c4 f5 3. g3 Nf6 4. Bg2 Bb4+ 5. Nd2 a5 6. Ngf3 b6 7. a3 Be7 8. O-O
Bb7 9. b3 O-O 10. Bb2 Na6 11. Qc2 c5 12. e3 Rc8 13. Rac1 Qe8 14. Qd3 cxd4 15.
exd4 Ne4 16. Ne1 Qg6 17. f4 Bf6 18. Ndf3 d6 19. Qe2 Nc7 20. b4 axb4 21. axb4
Ra8 22. Nd3 Ra2 23. Ra1 Rfa8 24. Rxa2 Rxa2 25. Ra1 Rxa1+ 26. Bxa1 Qe8 27. Qa2
b5 28. c5 Nd5 29. Qa7 Qc6 30. Qb8+ Qc8 31. Qxc8+ Bxc8 32. cxd6 Nxd6 33. Nfe5
Ne3 34. Bc6 Kf8 35. Kf2 Nc2 36. Bc3 Ke7 37. Nc5 g5 38. d5 gxf4 39. gxf4 Ne4+
40. Nxe4 fxe4 41. d6+ Kxd6 42. Bxe4 Na3 43. Bxh7 Bh4+ 44. Ke3 Bb7 45. Bb2 Nc4+
46. Nxc4+ bxc4 47. Be5+ Kd7 48. Be4 Ba6 49. Bc3 Kd6 50. Kf3 Be7 51. Kg3 Bf8 52.
b5 Bxb5 53. Bb4+ Kd7 54. Bxf8 Ba4 55. Bg7 Ke8 56. Kf3 Kf7 57. Be5 1-0

[Event "Northumbria Masters Open"]
[Site "Newcastle"]
[Date "2021.08.29"]
[Round "7.12"]
[White "Green, Andrew D"]
[Black "Yoon, Jacob D"]
[Result "1/2-1/2"]
[WhiteElo "2154"]
[BlackElo "2116"]
[PlyCount "70"]
[EventDate "2021.08.26"]
[EventType "swiss"]
[EventRounds "9"]
[EventCountry "ENG"]
[SourceTitle "The Week in Chess 1399"]
[Source "Mark Crowther"]
[SourceDate "2021.08.30"]
[SourceVersion "1"]
[SourceVersionDate "2021.08.30"]
[SourceQuality "2"]

1. d4 e6 2. Nf3 Nf6 3. Bf4 c5 4. e3 b6 5. Nbd2 Be7 6. h3 Bb7 7. Bd3 O-O 8. O-O
Re8 9. Qe2 d6 10. c3 Nbd7 11. Bh2 Bf8 12. a4 cxd4 13. cxd4 e5 14. Ba6 Qc8 15.
Bxb7 Qxb7 16. Rfc1 e4 17. Ne1 Rac8 18. Nc4 Re6 19. Qd1 d5 20. Ne5 Ree8 21. Rxc8
Rxc8 22. Rc1 Ne8 23. f3 Ndf6 24. Rxc8 Qxc8 25. Qc2 Qa6 26. fxe4 Nxe4 27. N1d3
N8d6 28. Nb4 Qb7 29. Qb3 Qc8 30. Qc2 Qe6 31. Qc6 Qh6 32. Nxd5 Qh4 33. Qc1 Qf2+
34. Kh1 Nf5 35. Ng4 Neg3+ 1/2-1/2

[Event "Northumbria Masters Open"]
[Site "Newcastle"]
[Date "2021.08.29"]
[Round "7.13"]
[White "Kett, Timothy"]
[Black "Birtwistle, Nigel"]
[Result "0-1"]
[WhiteElo "2167"]
[BlackElo "2123"]
[PlyCount "102"]
[EventDate "2021.08.26"]
[EventType "swiss"]
[EventRounds "9"]
[EventCountry "ENG"]
[SourceTitle "The Week in Chess 1399"]
[Source "Mark Crowther"]
[SourceDate "2021.08.30"]
[SourceVersion "1"]
[SourceVersionDate "2021.08.30"]
[SourceQuality "2"]

1. e4 c5 2. Nf3 g6 3. d4 cxd4 4. Nxd4 Bg7 5. Nc3 Nc6 6. Be3 Nf6 7. Bc4 O-O 8.
Bb3 e6 9. f4 d6 10. O-O e5 11. Nxc6 bxc6 12. f5 gxf5 13. exf5 d5 14. Bg5 Qb6+
15. Kh1 Qd4 16. Qf3 Qg4 17. Qxg4 Nxg4 18. f6 Bh6 19. Bxh6 Nxh6 20. Rae1 Re8 21.
Re3 Nf5 22. Ref3 Nd4 23. Rg3+ Kh8 24. Nxd5 cxd5 25. Bxd5 Rb8 26. Bxf7 Rf8 27.
Bd5 Rxb2 28. h3 Bb7 29. Bxb7 Rxb7 30. c3 Ne6 31. Re3 Rbf7 32. Rxe5 Rxf6 33.
Rxf6 Rxf6 34. Ra5 Rf7 35. g4 Rc7 36. Kh2 Kg7 37. c4 Kf6 38. Kg3 Nc5 39. h4 Ke5
40. g5 Kd4 41. h5 Kxc4 42. a3 Kd5 43. Rb5 Kc4 44. Ra5 a6 45. Kg4 Kd5 46. g6
hxg6 47. hxg6 Kc6 48. Kf5 Kb6 49. Rxa6+ Kxa6 50. Kf6 Ne4+ 51. Ke5 Rg7 0-1